Influence of an initial chemical state of bivalent cation impurities on their diffusion activity in alkali-halide crystals; IOP Conference Series: Materials Science and Engineering; Vol. 81 : Radiation-Thermal Effects and Processes in Inorganic Materials

Бібліографічні деталі
Parent link:IOP Conference Series: Materials Science and Engineering
Vol. 81 : Radiation-Thermal Effects and Processes in Inorganic Materials.— 2015.— [012015, 4 p.]
Автор: Gyngazov (Ghyngazov) S. A. Sergey Anatolievich
Співавтор: Национальный исследовательский Томский политехнический университет (ТПУ) Институт неразрушающего контроля (ИНК) Проблемная научно-исследовательская лаборатория электроники, диэлектриков и полупроводников (ПНИЛ ЭДиП)
Інші автори: Frangulyan (Franguljyan) Т. S. Tamara Semenovna, Chernyavski (Chernyavskiy) A. V. Aleksandr Viktorovich
Резюме:Title screen
Influence of an initial chemical state of bivalent cation impurities on their diffusion activity in alkali-halide crystals is investigated. The effect of an intensive electron beam on diffusion of magnesium impurity in crystals of fluoride of lithium is studied.
Режим доступа: по договору с организацией-держателем ресурса
Мова:Англійська
Опубліковано: 2015
Предмети:
Онлайн доступ:http://dx.doi.org/10.1088/1757-899X/81/1/012015
http://earchive.tpu.ru/handle/11683/14690
Формат: Електронний ресурс Частина з книги
KOHA link:https://koha.lib.tpu.ru/cgi-bin/koha/opac-detail.pl?biblionumber=642943

MARC

LEADER 00000naa2a2200000 4500
001 642943
005 20240215133143.0
035 |a (RuTPU)RU\TPU\network\7931 
035 |a RU\TPU\network\7930 
090 |a 642943 
100 |a 20150825a2015 k y0engy50 ba 
101 0 |a eng 
102 |a GB 
105 |a y z 100zy 
135 |a drgn ---uucaa 
181 0 |a i  
182 0 |a b 
200 1 |a Influence of an initial chemical state of bivalent cation impurities on their diffusion activity in alkali-halide crystals  |f S. A. Gyngazov (Ghyngazov), Т. S. Frangulyan (Franguljyan), A. V. Chernyavski (Chernyavskiy) 
203 |a Text  |c electronic 
300 |a Title screen 
320 |a [References: 9 tit.] 
330 |a Influence of an initial chemical state of bivalent cation impurities on their diffusion activity in alkali-halide crystals is investigated. The effect of an intensive electron beam on diffusion of magnesium impurity in crystals of fluoride of lithium is studied. 
333 |a Режим доступа: по договору с организацией-держателем ресурса 
337 |a Adobe Reader 
461 1 |0 (RuTPU)RU\TPU\network\2008  |t IOP Conference Series: Materials Science and Engineering 
463 1 |0 (RuTPU)RU\TPU\network\7891  |t Vol. 81 : Radiation-Thermal Effects and Processes in Inorganic Materials  |o International Scientific Conference, 3-8 November 2014, Tomsk, Russia  |o [proceedings]  |v [012015, 4 p.]  |d 2015 
610 1 |a электронный ресурс 
610 1 |a труды учёных ТПУ 
610 1 |a катионы 
610 1 |a примеси 
610 1 |a диффузия примесей 
610 1 |a щелочно-галоидные кристаллы 
610 1 |a электронные пучки 
610 1 |a магний 
610 1 |a фторид лития 
700 1 |a Gyngazov (Ghyngazov)  |b S. A.  |c specialist in the field of electronics  |c Professor of Tomsk Polytechnic University, Doctor of technical sciences  |f 1958-  |g Sergey Anatolievich  |3 (RuTPU)RU\TPU\pers\33279  |9 17024 
701 1 |a Frangulyan (Franguljyan)  |b Т. S.  |c specialist in the field of electronics, dielectrics and semiconductors  |c leading researcher of Tomsk Polytechnic University, candidate of physical and mathematical Sciences  |f 1940-  |g Tamara Semenovna  |3 (RuTPU)RU\TPU\pers\33975 
701 1 |a Chernyavski (Chernyavskiy)  |b A. V.  |c specialist in the field of electronics  |c senior researcher of Tomsk Polytechnic University, candidate of physico-mathematical sciences  |f 1966-  |g Aleksandr Viktorovich  |3 (RuTPU)RU\TPU\pers\34159 
712 0 2 |a Национальный исследовательский Томский политехнический университет (ТПУ)  |b Институт неразрушающего контроля (ИНК)  |b Проблемная научно-исследовательская лаборатория электроники, диэлектриков и полупроводников (ПНИЛ ЭДиП)  |3 (RuTPU)RU\TPU\col\19033 
801 2 |a RU  |b 63413507  |c 20161212  |g RCR 
856 4 |u http://dx.doi.org/10.1088/1757-899X/81/1/012015 
856 4 |u http://earchive.tpu.ru/handle/11683/14690 
942 |c BK